Travels to hallowed ground : a historian's journey to the American Civil War /

Bibliographic Details
Main Author: Thomas, Emory M., 1939-
Format: Book
Language:English
Published: Columbia, S.C. : University of South Carolina Press, [1987]
Series:American military history (Columbia, S.C.)
Subjects:

MARC

Tag First Indicator Second Indicator Subfields
LEADER 00000cam a22000008a 4500
001 in00000589321
005 20151014081757.0
008 861121s1987 scuab s00110 eng
010 |a  86030782  
020 |a 0872494772 
020 |a 0872494985 (pbk.) 
035 |a (OCoLC)14933269 
035 |9 ACQ0858AM 
040 |a DLC  |c DLC  |d m/c  |d TXA  |d UtOrBLW 
043 |a n-us--- 
049 |a TXAM  |c [A10109510] 
050 0 0 |a E641  |b .T47 1987 
082 0 |a 973.7  |2 19 
100 1 |a Thomas, Emory M.,  |d 1939- 
245 1 0 |a Travels to hallowed ground :  |b a historian's journey to the American Civil War /  |c by Emory M. Thomas. 
263 |a 8704 
264 1 |a Columbia, S.C. :  |b University of South Carolina Press,  |c [1987] 
264 4 |c ©1987 
300 |a ix, 155 pages :  |b illustrations, maps. 
336 |a text  |b txt  |2 rdacontent 
337 |a unmediated  |b n  |2 rdamedia 
338 |a volume  |b nc  |2 rdacarrier 
490 1 |a American military history 
500 |a Includes index. 
600 1 0 |a Thomas, Emory M.,  |d 1939-  |x Travel  |z United States. 
651 0 |a United States  |x History  |y Civil War, 1861-1865  |x Battlefields. 
651 0 |a United States  |x History  |y Civil War, 1861-1865  |x Campaigns. 
830 0 |a American military history (Columbia, S.C.) 
999 |a MARS 
999 f f |s d5ec982f-25e4-3081-87e6-79b2975da624  |i 011653fc-0be8-3566-9b14-ef0582e239f6  |t 0 
952 f f |p normal  |a Texas A&M University  |b College Station  |c Sterling C. Evans Library  |d Evans: Library Stacks  |t 0  |e E641 .T47 1987  |h Library of Congress classification  |i unmediated -- volume  |m A14810109510 
998 f f |a E641 .T47 1987  |t 0  |l Evans: Library Stacks